Paradise plantation /

Saved in:
Bibliographic Details
Main Author: Reid, Henrietta
Format: Book
Language:English
Published: London : Mills and Boon, 1979.
Subjects:
LEADER 00848nam a2200241 i 4500
001 c000076928
003 CARM
005 00000000000000.0
008 800516s1979 enk 00011 eng d
015 |a B8010319 
019 1 |a 3373373  |5 LACONCORD2021 
020 |a 0263095983 :  |c L.3.25 
035 |a (OCoLC)6338969  |5 LACONCORD2021 
100 1 |a Reid, Henrietta. 
245 1 0 |a Paradise plantation /  |c by Henrietta Reid. 
260 |a London :  |b Mills and Boon,  |c 1979. 
300 |a 190 p. ;  |c 19cm. 
500 |a Fiction in English, 1900-. Texts (BNB/PRECIS) 
650 0 |a English fiction. 
852 8 |b CARM  |h A2:AH21G0  |i A01776  |p 0136161  |f BK 
082 0 4 |a 823/.9/1  |2 18 
999 f f |i b7a49bea-a092-5251-b0c9-68ec5ccf416d  |s bc1a8f1d-4d07-5591-887d-861cb99d50a6 
952 f f |p Can circulate  |a CAVAL  |b CAVAL  |c CAVAL  |d CARM 1 Store  |e A01776  |f A2:AH21G0  |h Other scheme  |i book  |m 0136161